书目信息 |
| 题名: |
感光材料应用基础
|
|
| 作者: | 马松年 编著 | |
| 分册: | ||
| 出版信息: | 辽宁美术出版社 1995 |
|
| 页数: | 310页 | |
| 开本: | 20cm | |
| 丛书名: | ||
| 单 册: | ||
| 中图分类: | TB84 | |
| 科图分类: | ||
| 主题词: | 感光材料 | |
| 电子资源: | ||
| ISBN: | 7-5314-1250-0 | |
| 000 | 00524nam0 2200181 450 | |
| 001 | 0735592734 | |
| 005 | 20070906095312.73 | |
| 010 | @a7-5314-1250-0@d¥22.60 | |
| 100 | @a20070906d km y0chiy0120 ea | |
| 101 | 0 | @achi |
| 200 | 1 | @a感光材料应用基础@Agan guang cai liao ying yong ji chu@f马松年编著@Fma song nian bian zhu |
| 210 | @c辽宁美术出版社@d1995 | |
| 215 | @a310页@d20cm | |
| 606 | 0 | @a感光材料 |
| 690 | @aTB84@v3 | |
| 701 | 0 | @a马松年@Ama song nian@4编著 |
| 801 | 0 | @aCN@bPFT@c20070906 |
| 905 | @a213230@dTB84@eP18@f1 | |
| 感光材料应用基础/马松年编著.-辽宁美术出版社,1995 |
| 310页;20cm |
| ISBN 7-5314-1250-0:¥22.60 |
| ● |
| 相关链接 |
|
|
|
|
正题名:感光材料应用基础
索取号:TB84/P18
 
预约/预借
| 序号 | 登录号 | 条形码 | 馆藏地/架位号 | 状态 | 备注 |
| 1 | 7200578 | 272005787 | 密集书库-物理学院/ [索取号:TB84/P18] | 在馆 | |
| 2 | 7200579 | 272005796 | 密集书库-物理学院/ [索取号:TB84/P18] | 在馆 |